00766nam a2200193 a 450000100100000000500170001000800410002704000250006808200150009310000250010824500970013324600590023026000490028930000210033850000420035970000410040195201130044299900170055500003687320200930080005.0120203s1974 sp 000 0 spa d aDO-SdBNPbspacBNPHU axxxbF917g1 aFrisque, Jean96324210aGuía breve de la asamblea cristiana /cJean Frisque ; traducción José Alvilares Moure.10aPetit guide de l´assemblée chrétienne.lespañol aMadrid, España :bEdiciones Marova,c1974. a579 p. ;c16 cm. aComentarios al leccionario de la misa1 aAlvilares Moure, José,etr.963243 001050718MOaGRbGRcHDd2012-02-03iLF1l0oxxx F917gp36873-10r2020-06-25w2020-06-25y1ZNo se presta c36364d36364